El gran libro de Photoshop CS4.
Uloženo v:
| Korporativní autor: | |
|---|---|
| Médium: | Kniha |
| Vydáno: |
México, D.F., México:
Alfaomega Grupo Editor,
2009.
|
| Vydání: | Primera edición. |
| Témata: | |
| Tagy: |
Přidat tag
Žádné tagy, Buďte první, kdo vytvoří štítek k tomuto záznamu!
|
MARC
| LEADER | 00000nam a22000007a 4500 | ||
|---|---|---|---|
| 003 | CL-VaPUC | ||
| 005 | 20250321101933.0 | ||
| 008 | 250124t2009 ||||| |||| 00| 0 eng d | ||
| 999 | |c 446800 |d 446798 | ||
| 020 | |a 978-607-7686-77-4 | ||
| 040 | |c Pontificia Universidad Católica de Valparaíso | ||
| 082 | 7 | |a 006.6 MED 2009 |2 22 | |
| 110 | |a MEDIAactive |e autor |9 562243 | ||
| 245 | 1 | 3 | |a El gran libro de Photoshop CS4. |
| 250 | |a Primera edición. | ||
| 260 | |a México, D.F., México: |b Alfaomega Grupo Editor, |c 2009. | ||
| 300 | |a 613 páginas : |b ilustraciones. | ||
| 500 | |a c.1-c.2. Instituto Arcos 8-1-2025. | ||
| 583 | |c 20250123 |k GC | ||
| 650 | |a Fotografía digital |x Photoshop CS4 |9 895827 | ||
| 650 | |a Photoshop CS4 |9 895847 | ||
| 942 | |2 ddc |c BK |n 0 | ||
| 952 | |0 0 |1 0 |2 ddc |4 0 |6 006_600000000000000_MED_2009 |7 0 |8 A |9 599894 |a BIBINC |b BIBINC |d 2025-01-24 |e Instituto Arcos |i 5664845 |o 006.6 MED 2009 |p 5664845 |r 2025-01-24 |t 1 |w 2025-01-24 |y BK |k IFP | ||
| 952 | |0 0 |1 0 |2 ddc |4 0 |6 006_600000000000000_MED_2009 |7 0 |8 A |9 599895 |a BIBINC |b BIBINC |d 2025-01-24 |e Instituto Arcos |i 5664846 |o 006.6 MED 2009 |p 5664846 |r 2025-01-24 |t 2 |w 2025-01-24 |y BK |k IFP | ||
| 952 | |0 0 |1 0 |2 ddc |4 0 |6 006_600000000000000_MED_2009 |7 0 |8 A |9 599896 |a BIBINC |b BIBINC |d 2025-01-24 |e Instituto Arcos |i 5664847 |o 006.6 MED 2009 |p 5664847 |r 2025-01-24 |t 3 |w 2025-01-24 |y BK |k IFP | ||